[Event "Bronstein Mem Open A 2014"]
[Site "Minsk BLR"]
[Date "2014.02.18"]
[Round "8.12"]
[White "Zherebukh, Yaroslav"]
[Black "Malakhatko, Vadim"]
[Result "1-0"]
[WhiteTitle "GM"]
[BlackTitle "GM"]
[WhiteElo "2623"]
[BlackElo "2539"]
[WhiteFideId "14116804"]
[BlackFideId "14104202"]
[EventDate "2014.02.11"]

1. e4 e6 2. d4 d5 3. e5 c5 4. c3 Qb6 5. Nf3 Nc6 6. a3 Nh6 7. b4 cxd4 8. Bxh6
gxh6 9. cxd4 Bd7 10. Be2 Rg8 11. O-O Rg4 12. h3 Rf4 13. g3 Rxf3 14. Bxf3 Qxd4
15. Qxd4 Nxd4 16. Bh5 Bg7 17. f4 Ke7 18. Nd2 f6 19. exf6+ Bxf6 20. Rac1 a5 21.
Rfe1 axb4 22. axb4 Ra3 23. Nf1 Kd6 24. Ne3 Nc6 25. Kg2 Nxb4 26. Rb1 Nd3 27. Re2
Bc6 28. Ng4 Bg7 29. Nf2 Nxf2 30. Kxf2 Bd4+ 31. Kg2 e5 32. Bf3 e4 33. Bg4 Bc5 34.
Bf5 e3 35. Kf3 d4+ 36. Be4 Ra8 37. Rd1 Kc7 38. Rc2 Kd6 39. Re2 Bxe4+ 40. Kxe4
Re8+ 41. Kd3 Kd5 42. Ra1 h5 43. g4 Rf8 44. f5 Ke5 45. Rg2 h4 46. Ra5 b6 47. Ra7
Kf4 48. Rg1 Re8 49. Re1 Kf3 50. Ra2 Kg3 51. Rg1+ Kxh3 52. g5 Bd6 53. f6 Bg3 54.
Ra7 Bf2 55. f7 Rc8 56. g6 hxg6 57. Rxg6 Rc3+ 58. Ke2 d3+ 59. Kf3 Rc8 60. Ra1 Bg3
61. Rh1+ Bh2 62. Rg2 1-0

[Event "Bronstein Mem Open A 2014"]
[Site "Minsk BLR"]
[Date "2014.02.18"]
[Round "8.13"]
[White "Savchenko, Boris"]
[Black "Kravtsiv, Martyn"]
[Result "1-0"]
[WhiteTitle "GM"]
[BlackTitle "GM"]
[WhiteElo "2556"]
[BlackElo "2618"]
[WhiteFideId "4147332"]
[BlackFideId "14113147"]
[EventDate "2014.02.11"]

1. c4 e5 2. g3 Nf6 3. Bg2 c6 4. Nf3 e4 5. Nd4 d5 6. cxd5 Qxd5 7. e3 Bc5 8. d3
Qe5 9. dxe4 Nxe4 10. Nc3 Nf6 11. Nf3 Qe7 12. Qc2 O-O 13. O-O Nbd7 14. a3 a5 15.
h3 Ne5 16. Nxe5 Qxe5 17. Nd5 Ba7 18. Nxf6+ Qxf6 19. Bd2 Re8 20. Bxa5 Qh6 21. Qb3
b6 22. Bc3 Bxh3 23. a4 Rab8 24. Qc2 c5 25. Rfd1 Bxg2 26. Kxg2 Qc6+ 27. Kg1 Rbc8
28. Qf5 Rc7 29. Rd5 f6 30. Rad1 Qxa4 31. Rd7 Bb8 32. Bxf6 Qe4 33. Qg5 Qg6 34.
Qd5+ 1-0

[Event "Bronstein Mem Open A 2014"]
[Site "Minsk BLR"]
[Date "2014.02.18"]
[Round "8.14"]
[White "Ponkratov, Pavel"]
[Black "Maiorov, Nikita1"]
[Result "1-0"]
[WhiteTitle "GM"]
[BlackTitle "GM"]
[WhiteElo "2611"]
[BlackElo "2529"]
[WhiteFideId "4157800"]
[BlackFideId "13501720"]
[EventDate "2014.02.11"]

1. d4 Nf6 2. c4 e6 3. g3 Bb4+ 4. Bd2 Be7 5. Bg2 d5 6. Nf3 O-O 7. O-O c6 8. Bf4
dxc4 9. Ne5 Nd5 10. Nxc4 Nxf4 11. gxf4 Nd7 12. Nc3 Nb6 13. Ne5 a5 14. e3 a4 15.
a3 f6 16. Nd3 Ra5 17. Ne4 Kh8 18. Rc1 Qe8 19. Nec5 Bd6 20. Kh1 Qe7 21. Qd2 Ra7
22. Rfd1 Bd7 23. Rg1 Be8 24. Bh3 Bf7 25. Qd1 Re8 26. Qg4 g6 27. Bg2 Rg8 28. Qh3
Ra5 29. Qh4 g5 30. fxg5 fxg5 31. Qg4 e5 32. Nxb7 Qxb7 33. Rxc6 Bb8 34. Qf5 Bg6
35. Qxg5 Qf7 36. Nxe5 Bxe5 37. Rxb6 Be4 38. Qxg8+ Qxg8 39. Bxe4 Qf8 40. dxe5
Rxe5 41. Bg2 Rh5 42. Ra6 Qb8 43. f4 Qxb2 44. Ra8+ Kg7 45. Bf3+ Kf6 46. Ra6+ Ke7
47. Ra7+ Kd6 48. Bxh5 Qxa3 49. Bd1 Qxe3 50. Rxa4 Kc5 51. f5 Qf2 52. Ra3 Qd4 53.
Rf3 Qf6 54. Re1 Qh4 55. Rff1 Qf6 56. Bc2 Qc6+ 57. Be4 Qf6 58. Bg2 Kd4 59. Re6
Qf7 60. Re4+ Kd3 61. f6 1-0

[Event "Bronstein Mem Open A 2014"]
[Site "Minsk BLR"]
[Date "2014.02.18"]
[Round "8.15"]
[White "Rakhmanov, Aleksandr"]
[Black "Kveinys, Aloyzas"]
[Result "1/2-1/2"]
[WhiteTitle "GM"]
[BlackTitle "GM"]
[WhiteElo "2606"]
[BlackElo "2526"]
[WhiteFideId "4173708"]
[BlackFideId "12800040"]
[EventDate "2014.02.11"]

1. b3 g6 2. Bb2 Nf6 3. g3 Bg7 4. Bg2 O-O 5. c4 c6 6. Nf3 d5 7. O-O a5 8. d3 Na6
9. a3 Qb6 10. Nbd2 Rd8 11. cxd5 cxd5 12. Bd4 Qd6 13. Qc2 Bd7 14. Qb2 Nc5 15.
Rfc1 Rdc8 16. Be5 Qa6 17. b4 axb4 18. axb4 Na4 19. Qd4 Qb6 20. Nb3 Qxd4 21.
Nfxd4 e6 22. f4 Rxc1+ 23. Rxc1 Rc8 24. Ra1 Ne8 25. Bxg7 Kxg7 26. Kf2 Nd6 27. Ke3
b6 28. Kd2 Kf8 29. Bf3 Ke7 30. e3 f6 31. Bg4 Ra8 32. Ne2 h5 33. Bh3 Rc8 34. Nbd4
b5 35. Nf3 Nf7 36. Nfd4 g5 37. Bg2 e5 38. Nb3 Be6 39. Na5 Nd6 40. Rc1 Rxc1 41.
Nxc1 Nf5 42. Ne2 Kd6 43. Bf3 g4 44. Bh1 d4 45. fxe5+ fxe5 46. exd4 Nxd4 47. Nxd4
exd4 48. Be4 Nc3 49. Bg6 Na2 50. Nb7+ Ke7 51. Nc5 Bc8 52. Nb3 Nxb4 53. Nxd4 Bd7
54. Bxh5 Kf6 55. Ne2 Nc6 56. Nc3 b4 57. Ne4+ Ke7 58. Nf2 Ne5 59. Kc2 Be6 60. d4
Nf3 61. Bxg4 Bxg4 62. Nxg4 Nxd4+ 63. Kd3 b3 64. Kc3 Ke6 65. Nf2 Kf5 66. Kb2 Nf3
67. h3 Nd4 68. h4 Kg6 69. g4 Nf3 70. h5+ Kh6 71. Kxb3 Ne5 72. Kc3 Nxg4 73. Nxg4+
Kxh5 1/2-1/2

[Event "Bronstein Mem Open A 2014"]
[Site "Minsk BLR"]
[Date "2014.02.18"]
[Round "8.16"]
[White "Rasulov, Vugar"]
[Black "Iordachescu, Viorel"]
[Result "1-0"]
[WhiteTitle "GM"]
[BlackTitle "GM"]
[WhiteElo "2534"]
[BlackElo "2605"]
[WhiteFideId "13402390"]
[BlackFideId "13900200"]
[EventDate "2014.02.11"]

1. d4 d5 2. Nf3 Nf6 3. g3 c6 4. Bg2 Bf5 5. O-O h6 6. c4 e6 7. Qb3 Qb6 8. Nc3 Be7
9. c5 Qc7 10. Bf4 Qc8 11. Qd1 O-O 12. Nd2 Rd8 13. b4 Nbd7 14. Re1 Nf8 15. e4
dxe4 16. Ndxe4 Ng6 17. Nxf6+ Bxf6 18. Bd6 Ne7 19. Ne4 Bxe4 20. Bxe4 Qd7 21. Qf3
Nd5 22. Bxd5 cxd5 23. Qd3 Qa4 24. a3 Rac8 25. Qd1 Qb5 26. Re3 b6 27. Rb1 Qc4 28.
Rd3 a6 29. h4 g5 30. Rc1 Qb5 31. Rcc3 bxc5 32. bxc5 Rd7 33. Rb3 Qa5 34. Rb4 Bg7
35. hxg5 hxg5 36. Rdb3 Bf6 37. Qh5 Rcd8 38. Qh6 1-0

[Event "Bronstein Mem Open A 2014"]
[Site "Minsk BLR"]
[Date "2014.02.18"]
[Round "8.17"]
[White "Hovhanisian, Mher"]
[Black "Fier, Alexandr"]
[Result "0-1"]
[WhiteTitle "IM"]
[BlackTitle "GM"]
[WhiteElo "2516"]
[BlackElo "2587"]
[WhiteFideId "13300865"]
[BlackFideId "2107139"]
[EventDate "2014.02.11"]

1. Nf3 g6 2. g3 Bg7 3. d4 c5 4. Bg2 cxd4 5. Nxd4 Nc6 6. Nxc6 bxc6 7. c4 Rb8 8.
Qc2 Qa5+ 9. Nd2 Nf6 10. O-O O-O 11. Nf3 d5 12. Bf4 Bf5 13. Qc1 Ne4 14. Bxb8 Rxb8
15. g4 Bd7 16. Qf4 Rxb2 17. Rab1 Qb6 18. Rxb2 Qxb2 19. cxd5 cxd5 20. Ng5 Nxg5
21. Qxg5 Qxe2 22. Qxd5 Qxg4 23. h3 Qa4 24. Rd1 Be8 25. Qd8 Be5 26. Rc1 Bh2+ 27.
Kh1 Bd6 28. Bd5 Kg7 29. Kg2 Qd4 30. Bf3 Qf4 31. Rc8 Qh2+ 32. Kf1 Bb5+ 33. Ke1
Qg1+ 0-1

[Event "Bronstein Mem Open A 2014"]
[Site "Minsk BLR"]
[Date "2014.02.19"]
[Round "9.4"]
[White "Fier, Alexandr"]
[Black "Akopian, Vladimir"]
[Result "1/2-1/2"]
[WhiteTitle "GM"]
[BlackTitle "GM"]
[WhiteElo "2587"]
[BlackElo "2682"]
[WhiteFideId "2107139"]
[BlackFideId "13300032"]
[EventDate "2014.02.11"]

1. Nf3 d5 2. c4 c6 3. e3 Nf6 4. Nc3 Nbd7 5. d4 e6 6. Qc2 b6 7. b3 Bb7 8. Bd3 Bd6
9. O-O O-O 10. Bb2 h6 11. Rfe1 Rc8 12. Rad1 c5 13. Qe2 Qe7 14. cxd5 cxd4 15.
Nxd4 Nxd5 16. Nxd5 Bxd5 17. Ba6 Rcd8 18. Nf5 exf5 19. Rxd5 Be5 20. Bc4 g6 21.
Red1 Bxb2 22. Qxb2 Nf6 23. R5d4 Ne4 24. Bd5 h5 25. g3 h4 26. Kg2 h3+ 27. Kxh3
Ng5+ 28. Kg2 Rxd5 29. Rxd5 Qe4+ 30. Kf1 Qh1+ 31. Ke2 Qf3+ 32. Ke1 Qh1+ 1/2-1/2

[Event "Bronstein Mem Open A 2014"]
[Site "Minsk BLR"]
[Date "2014.02.19"]
[Round "9.5"]
[White "Sargissian, Gabriel"]
[Black "Zherebukh, Yaroslav"]
[Result "1-0"]
[WhiteTitle "GM"]
[BlackTitle "GM"]
[WhiteElo "2671"]
[BlackElo "2623"]
[WhiteFideId "13300881"]
[BlackFideId "14116804"]
[EventDate "2014.02.11"]

1. d4 f5 2. Nf3 Nf6 3. g3 g6 4. Bg2 Bg7 5. c4 O-O 6. O-O d6 7. Nc3 Qe8 8. Re1
Qf7 9. e4 fxe4 10. Nxe4 Nc6 11. Nc3 Ng4 12. Bf4 h6 13. d5 Nce5 14. Qe2 Nxf3+ 15.
Bxf3 Ne5 16. Bxe5 Bxe5 17. Bg2 g5 18. Nb5 e6 19. c5 exd5 20. cxd6 cxd6 21. Rad1
d4 22. Nxd4 Qxa2 23. Nf5 Qxb2 24. Rd2 Qb4 25. Ne7+ Kf7 26. Nd5 Qg4 27. Bf3 Qh3
28. Bg2 Qg4 29. Bf3 Qh3 30. Nc7 Rb8 31. Nb5 Kg8 32. Nxd6 Bg7 33. Qc4+ Kh8 34.
Nf7+ Kh7 35. Re7 Bf5 36. Nd6 Bg6 37. Bg4 1-0

[Event "Bronstein Mem Open A 2014"]
[Site "Minsk BLR"]
[Date "2014.02.19"]
[Round "9.7"]
[White "Kuzubov, Yuriy"]
[Black "Mamedov, Rauf"]
[Result "1/2-1/2"]
[WhiteTitle "GM"]
[BlackTitle "GM"]
[WhiteElo "2643"]
[BlackElo "2659"]
[WhiteFideId "14112906"]
[BlackFideId "13401653"]
[EventDate "2014.02.11"]

1. e4 c5 2. Nf3 Nc6 3. Bb5 g6 4. O-O Bg7 5. Nc3 e5 6. d3 Nge7 7. a3 O-O 8. Bc4
d6 9. Bg5 h6 10. Bxe7 Nxe7 11. Nd5 Kh7 12. Nd2 f5 13. b4 f4 14. f3 g5 15. Qe1
Ng6 16. Rb1 h5 17. a4 g4 18. fxg4 hxg4 19. bxc5 dxc5 20. g3 Bh6 21. Rf2 b6 22.
a5 Rb8 23. axb6 axb6 24. Nf1 Bd7 25. c3 b5 26. Rfb2 Qe8 27. Qf2 fxg3 28. Nf6+
Kh8 29. hxg3 Nf4 30. gxf4 Rxf6 31. Qh4 Rfb6 32. Bxb5 Qf8 33. Ne3 Rxb5 34. Rxb5
Rxb5 35. Rxb5 Bxb5 36. Nf5 Kh7 37. fxe5 Bd7 38. Qxg4 c4 39. d4 Qa3 40. Qh5 Qc1+
41. Kh2 Qd2+ 42. Kh3 Qe3+ 43. Kh2 Qd2+ 44. Kh3 Be6 45. d5 Qxc3+ 46. Kg4 Qc1 47.
dxe6 Qd1+ 48. Kh4 Qh1+ 49. Kg4 Qxe4+ 50. Kh3 Qh1+ 51. Kg4 Qd1+ 52. Kh4 Qh1+ 53.
Kg4 Qd1+ 1/2-1/2

[Event "Bronstein Mem Open A 2014"]
[Site "Minsk BLR"]
[Date "2014.02.19"]
[Round "9.8"]
[White "Khairullin, Ildar"]
[Black "Zhigalko, Andrey"]
[Result "1-0"]
[WhiteTitle "GM"]
[BlackTitle "GM"]
[WhiteElo "2651"]
[BlackElo "2607"]
[WhiteFideId "4151348"]
[BlackFideId "13502247"]
[EventDate "2014.02.11"]

1. e4 c5 2. Nf3 d6 3. Bb5+ Bd7 4. Bxd7+ Nxd7 5. O-O Ngf6 6. Qe2 Rc8 7. c3 e6 8.
d4 cxd4 9. cxd4 d5 10. e5 Ng8 11. Nc3 Ne7 12. Bg5 a6 13. Rad1 h6 14. Bc1 Nb6 15.
h4 h5 16. Rd3 Nf5 17. Bg5 Be7 18. Bxe7 Qxe7 19. g3 Rc6 20. b3 Kd7 21. Nd1 Kc7
22. Ne3 Nh6 23. Qd2 Kb8 24. Rc1 Rxc1+ 25. Qxc1 Nc8 26. Rc3 Na7 27. Rc5 Nc6 28.
b4 Ng4 29. a4 Nxe3 30. Qxe3 Nxb4 31. Qb3 a5 32. Rxa5 Rc8 33. Rb5 Rc4 34. a5 Ka7
35. Nd2 Rc1+ 36. Kg2 Na6 37. Rb6 Qc7 38. Nb1 Ka8 39. Na3 Ra1 40. Qb2 Qc1 41.
Qxc1 Rxc1 42. Nb5 Nb8 43. Nd6 Rc6 44. Nxf7 Rxb6 45. axb6 Nc6 46. Kf3 Nxd4+ 47.
Kf4 Kb8 48. Kg5 Kc8 49. Kxh5 Kd7 50. Kg6 Nf3 51. Kxg7 d4 52. Nd6 d3 53. Ne4 Kc6
54. h5 Kd5 55. Nc3+ Kxe5 56. h6 Ng5 57. f4+ Kd4 58. Nd1 e5 59. fxg5 e4 60. h7 e3
61. Nxe3 1-0

[Event "Bronstein Mem Open A 2014"]
[Site "Minsk BLR"]
[Date "2014.02.19"]
[Round "9.11"]
[White "Jumabayev, Rinat"]
[Black "Korneev, Oleg"]
[Result "1-0"]
[WhiteTitle "GM"]
[BlackTitle "GM"]
[WhiteElo "2564"]
[BlackElo "2631"]
[WhiteFideId "13702661"]
[BlackFideId "4156803"]
[EventDate "2014.02.11"]

1. d4 d5 2. c4 c6 3. Nf3 Nf6 4. Nc3 e6 5. e3 Nbd7 6. Qc2 Bd6 7. Be2 O-O 8. O-O
dxc4 9. Bxc4 a6 10. e4 e5 11. Rd1 Qc7 12. h3 exd4 13. Nxd4 h6 14. Bf1 Re8 15. g3
b5 16. Bg2 Be5 17. Nce2 Nb6 18. Nb3 Nc4 19. Nd2 Bxg3 20. Nxc4 Bxf2+ 21. Kxf2
bxc4 22. Bf4 Qb6+ 23. Rd4 Bxh3 24. Bxh3 Rxe4 25. Be3 Rxe3 26. Kxe3 Re8+ 27. Kf3
Rxe2 28. Qxe2 Qxd4 29. Re1 c3 30. bxc3 Qxc3+ 31. Kg2 g5 32. Qe5 Qc2+ 33. Re2 Qc4
34. Rb2 Kg7 35. Rf2 Qd5+ 36. Qxd5 Nxd5 37. Bc8 a5 38. Bb7 f5 39. Bxc6 Ne3+ 40.
Kf3 Ng4 41. Rc2 h5 42. Rc5 Kf6 43. Rxa5 Ne5+ 44. Ke2 g4 45. Rc5 f4 46. a4 f3+
47. Ke3 h4 48. Be4 h3 49. Kf4 f2 50. Rc1 Nc4 51. Rf1 Nd2 52. Rxf2 Nxe4 53. Kxe4+
Kg5 54. Rb2 g3 55. Kf3 g2 56. Ke4 1-0

[Event "Bronstein Mem Open A 2014"]
[Site "Minsk BLR"]
[Date "2014.02.19"]
[Round "9.12"]
[White "Grachev, Boris"]
[Black "Savchenko, Boris"]
[Result "1-0"]
[WhiteTitle "GM"]
[BlackTitle "GM"]
[WhiteElo "2669"]
[BlackElo "2556"]
[WhiteFideId "4129199"]
[BlackFideId "4147332"]
[EventDate "2014.02.11"]

1. d4 Nf6 2. c4 g6 3. Nf3 Bg7 4. g3 O-O 5. Bg2 c6 6. O-O d5 7. cxd5 cxd5 8. Ne5
Nc6 9. Nc3 Bf5 10. Bf4 Ne4 11. Nxc6 bxc6 12. Nxe4 Bxe4 13. Qd2 Qb6 14. Rfd1 Bxg2
15. Kxg2 Rfe8 16. Rac1 e5 17. dxe5 Bxe5 18. Bxe5 Rxe5 19. e3 Rae8 20. Qc3 R8e6
21. Rd4 h5 22. Rf4 Qb7 23. Kg1 Re4 24. Rxe4 Rxe4 25. b3 Re6 26. h4 Qe7 27. Qc5
Qd7 28. Qb4 Rf6 29. Qb8+ Kh7 30. Qe5 Re6 31. Qd4 Qe7 32. Qc5 Qd7 33. Qc3 Qe7 34.
Rd1 Qa3 35. Rd2 Qe7 36. Rd4 Qf6 37. Qc5 Qe7 38. Qc3 Qf6 39. Qa5 Re7 40. Qc5 Rd7
41. Ra4 Kg8 42. Rxa7 Rxa7 43. Qxa7 Qc3 44. Qd4 Qc2 45. a4 Qb1+ 46. Kg2 Qxb3 47.
a5 Qa2 48. Qb6 d4 49. exd4 Qd5+ 50. Kg1 g5 51. Qb8+ Kh7 52. Qe5 Qc4 53. Qf5+ 1-0

[Event "Bronstein Mem Open A 2014"]
[Site "Minsk BLR"]
[Date "2014.02.19"]
[Round "9.13"]
[White "Mozharov, Mikhail"]
[Black "Popov, Ivan RUS"]
[Result "1/2-1/2"]
[WhiteTitle "IM"]
[BlackTitle "GM"]
[WhiteElo "2564"]
[BlackElo "2653"]
[WhiteFideId "4189825"]
[BlackFideId "4170350"]
[EventDate "2014.02.11"]

1. c4 c5 2. Nc3 Nc6 3. Nf3 g6 4. e3 Nf6 5. d4 cxd4 6. exd4 d5 7. cxd5 Nxd5 8.
Qb3 e6 9. Bg5 Be7 10. Bh6 Bf8 11. Bg5 Be7 1/2-1/2

[Event "Bronstein Mem Open A 2014"]
[Site "Minsk BLR"]
[Date "2014.02.19"]
[Round "9.15"]
[White "Kveinys, Aloyzas"]
[Black "Tregubov, Pavel V."]
[Result "1/2-1/2"]
[WhiteTitle "GM"]
[BlackTitle "GM"]
[WhiteElo "2526"]
[BlackElo "2629"]
[WhiteFideId "12800040"]
[BlackFideId "4115341"]
[EventDate "2014.02.11"]

1. d4 Nf6 2. Nf3 c5 3. d5 b5 4. Bg5 Qb6 5. a4 b4 6. e3 d6 7. Bxf6 exf6 8. Bb5+
Nd7 9. Qd3 Be7 10. Nbd2 O-O 11. a5 Qc7 12. Ba6 Bxa6 13. Qxa6 f5 14. Qd3 g6 15.
Nc4 Rfe8 16. O-O-O Bf8 17. h3 Nf6 18. Nfd2 Qb7 19. Nb3 Ne4 20. Rhf1 Qe7 21. f3
Ng3 22. Rfe1 h5 23. Kb1 Rad8 24. a6 Rd7 25. Nba5 Bg7 26. Qb3 Qf6 27. Qa4 Rde7
28. Nb7 Rxe3 29. Qxe8+ Rxe8 30. Rxe8+ Kh7 31. Nbxd6 f4 32. Ne4 Qxa6 33. Ng5+ Kh6
34. Nxf7+ Kh7 35. Ncd6 Bxb2 36. Kxb2 Qa3+ 37. Kb1 b3 38. cxb3 Qxb3+ 39. Kc1 Qc3+ 1/2-1/2

[Event "Bronstein Mem Open A 2014"]
[Site "Minsk BLR"]
[Date "2014.02.19"]
[Round "9.16"]
[White "Chigaev, Maksim"]
[Black "Rakhmanov, Aleksandr"]
[Result "1-0"]
[WhiteTitle "IM"]
[BlackTitle "GM"]
[WhiteElo "2510"]
[BlackElo "2606"]
[WhiteFideId "4108116"]
[BlackFideId "4173708"]
[EventDate "2014.02.11"]

1. e4 c5 2. Nf3 Nf6 3. e5 Nd5 4. c3 e6 5. g3 d6 6. exd6 Bxd6 7. Bg2 O-O 8. O-O
Nc6 9. d4 cxd4 10. Nxd4 Bc5 11. Nxc6 bxc6 12. Qa4 Qb6 13. a3 Ba6 14. c4 Ne7 15.
Nd2 Rab8 16. Nf3 Ng6 17. b4 Be7 18. Be3 Qb7 19. Rac1 e5 20. Nd2 Qc8 21. Qxc6 Bb7
22. Qxc8 Rfxc8 23. Bxb7 Rxb7 24. c5 f5 25. Nc4 f4 26. Bd2 Rd7 27. Bc3 e4 28.
Rfe1 e3 29. fxe3 fxe3 30. Rcd1 Rxd1 31. Rxd1 e2 32. Rd7 Rf8 33. c6 Bf6 34. Be1
Ne5 35. Nxe5 Bxe5 36. Bf2 h5 37. Re7 Bb2 38. Rxe2 Bxa3 39. b5 Rb8 40. Bxa7 1-0

[Event "Bronstein Mem Open A 2014"]
[Site "Minsk BLR"]
[Date "2014.02.19"]
[Round "9.17"]
[White "Grigoryan, Karen H."]
[Black "Zenzera, Alexey"]
[Result "1-0"]
[WhiteTitle "GM"]
[BlackTitle "IM"]
[WhiteElo "2584"]
[BlackElo "2419"]
[WhiteFideId "13301004"]
[BlackFideId "4102665"]
[EventDate "2014.02.11"]

1. Nf3 Nf6 2. g3 b5 3. Bg2 Bb7 4. O-O e6 5. d3 d5 6. e4 dxe4 7. Nfd2 Be7 8. Nc3
O-O 9. Ncxe4 Nxe4 10. dxe4 c5 11. a4 a6 12. Nb3 c4 13. Qxd8 Bxd8 14. Nc5 Bc6 15.
Be3 b4 16. Rfd1 Bf6 17. Bd4 Be7 18. a5 Rd8 19. Be3 Nd7 20. Na4 Bf6 21. f4 Rac8
22. e5 Be7 23. Nb6 Nxb6 24. Rxd8+ Bxd8 25. axb6 Bxg2 26. Kxg2 Kf8 27. Rxa6 Ke8
28. Ra4 b3 29. cxb3 cxb3 30. b7 Rc2+ 31. Kf3 Bc7 32. Ba7 Kd7 33. Rb4 1-0